<?xml version="1.0" encoding="UTF-8"?>
<record
    xmlns:xsi="http://www.w3.org/2001/XMLSchema-instance"
    xsi:schemaLocation="http://www.loc.gov/MARC21/slim http://www.loc.gov/standards/marcxml/schema/MARC21slim.xsd"
    xmlns="http://www.loc.gov/MARC21/slim">

  <leader>02237cam a22002895a 4500</leader>
  <controlfield tag="001">16294283</controlfield>
  <controlfield tag="005">20151208104557.0</controlfield>
  <controlfield tag="008">100621t2011    nyua   frbd   001 0 eng d</controlfield>
  <datafield tag="020" ind1=" " ind2=" ">
    <subfield code="a">0071743812 (alk. paper)</subfield>
  </datafield>
  <datafield tag="020" ind1=" " ind2=" ">
    <subfield code="a">9780071743815 (alk. paper) </subfield>
  </datafield>
  <datafield tag="040" ind1=" " ind2=" ">
    <subfield code="a">DLC</subfield>
    <subfield code="c">DLC</subfield>
    <subfield code="d">EG-ScBUE </subfield>
    <subfield code="b">eng</subfield>
  </datafield>
  <datafield tag="082" ind1="0" ind2="4">
    <subfield code="a">658.872</subfield>
    <subfield code="2">22</subfield>
    <subfield code="b">GUN</subfield>
  </datafield>
  <datafield tag="100" ind1="1" ind2=" ">
    <subfield code="a">Gunelius, Susan.</subfield>
    <subfield code="9">38868</subfield>
  </datafield>
  <datafield tag="245" ind1="1" ind2="0">
    <subfield code="a">30-minute social media marketing :</subfield>
    <subfield code="b">step-by-step techniques to spread the word about your business fast and free /</subfield>
    <subfield code="c">Susan Gunelius.</subfield>
  </datafield>
  <datafield tag="246" ind1="3" ind2=" ">
    <subfield code="a">Thirty-minute social media marketing</subfield>
  </datafield>
  <datafield tag="260" ind1=" " ind2=" ">
    <subfield code="a">New York :</subfield>
    <subfield code="b">McGraw-Hill,</subfield>
    <subfield code="c">c.2011.</subfield>
  </datafield>
  <datafield tag="300" ind1=" " ind2=" ">
    <subfield code="a">ix, 260 p. :</subfield>
    <subfield code="b">ill. ;</subfield>
    <subfield code="c">23 cm.</subfield>
  </datafield>
  <datafield tag="500" ind1=" " ind2=" ">
    <subfield code="a">Glossary : p. 250-253.</subfield>
  </datafield>
  <datafield tag="500" ind1=" " ind2=" ">
    <subfield code="a">Index : p. 255-260.</subfield>
  </datafield>
  <datafield tag="504" ind1=" " ind2=" ">
    <subfield code="a">Bibliography : p. 254.</subfield>
  </datafield>
  <datafield tag="505" ind1="0" ind2=" ">
    <subfield code="a">Part I. Get started : the who, what, and why of social media marketing. What is social media marketing? ; Why are businesses using social media marketing? ; Who is doing it right and wrong? ; Warning : one size does not fit all ; Before you begin : perceptions, honesty, and giving up control -- Part II. Test the water : the where of social media marketing. Analyzing social media marketing tools ; Blogging ; Microblogging ; Social networking ; Social bookmarking and content sharing ; Audio and video ; E-books, reviews, webinars, and other social media marketing opportunities -- Part III. Dive in for 30 minutes a day : the how of social media marketing. Indirect marketing ; Brand building ; Building relationships and communities ; Word-of-mouth marketing ; Expanding reach and establishing position ; Direct marketing and promotions -- Part IV. Maintaining social media marketing momentum over the long term. Integrating with traditional marketing ; Following the rules of social media marketing ; Measuring results, testing, tweaking, and trying again ; Bringing it all together -- Appendix A. Twitter cofounder Biz Stone reflects on Twitter in 2009 -- Appendix B. Resources and help -- Appendix C. Social media marketing plan worksheet.</subfield>
  </datafield>
  <datafield tag="650" ind1=" " ind2="7">
    <subfield code="a">Internet marketing.</subfield>
    <subfield code="2">BUEsh</subfield>
    <subfield code="9">32688</subfield>
  </datafield>
  <datafield tag="650" ind1=" " ind2="7">
    <subfield code="a">Online social networks.</subfield>
    <subfield code="2">BUEsh</subfield>
    <subfield code="9">14611</subfield>
  </datafield>
  <datafield tag="651" ind1=" " ind2=" ">
    <subfield code="2">BUEsh</subfield>
  </datafield>
  <datafield tag="653" ind1=" " ind2=" ">
    <subfield code="b">BUSADM</subfield>
    <subfield code="c">August2015</subfield>
    <subfield code="c">December2015</subfield>
  </datafield>
  <datafield tag="942" ind1=" " ind2=" ">
    <subfield code="2">ddc</subfield>
    <subfield code="k">658.872 GUN</subfield>
  </datafield>
  <datafield tag="999" ind1=" " ind2=" ">
    <subfield code="c">20609</subfield>
    <subfield code="d">20581</subfield>
  </datafield>
  <datafield tag="952" ind1=" " ind2=" ">
    <subfield code="0">0</subfield>
    <subfield code="1">0</subfield>
    <subfield code="2">ddc</subfield>
    <subfield code="4">0</subfield>
    <subfield code="7">0</subfield>
    <subfield code="8">Baccah</subfield>
    <subfield code="a">MAIN</subfield>
    <subfield code="b">MAIN</subfield>
    <subfield code="c">1ST</subfield>
    <subfield code="d">2015-08-19</subfield>
    <subfield code="e">Purchase</subfield>
    <subfield code="g">136.00</subfield>
    <subfield code="h">21758</subfield>
    <subfield code="l">7</subfield>
    <subfield code="m">18</subfield>
    <subfield code="o">658.872 GUN</subfield>
    <subfield code="p">000030708</subfield>
    <subfield code="r">2025-07-15 00:00:00</subfield>
    <subfield code="s">2022-11-08</subfield>
    <subfield code="v">170.00</subfield>
    <subfield code="y">BB</subfield>
  </datafield>
</record>
